| 000 | 00000nam 2200000zi 4500 |
| 001 | 9.947527 |
| 003 | CaOODSP |
| 005 | 20250130114011 |
| 006 | m o d f |
| 007 | cr bn||||||||| |
| 008 | 250129e198205 oncad ob f000 0 eng d |
| 040 | |aCaOODSP|beng|erda|cCaOODSP |
| 043 | |an-cn--- |
| 086 | 1 |aDR52-19/26-1982E-PDF |
| 100 | 1 |aTikuisis, Peter, |d1952- |eauthor. |
| 245 | 14|aThe stability and evolution of a gas bubble in a finite volume of stirred liquid / |cPeter Tikuisis. |
| 264 | 1|aDownsview, Ontario : |bDefence and Civil Institute of Environmental Medicine : |bDepartment of National Defence - Canada, |cMay 1982 |
| 300 | |a1 online resource (vii, 217 pages) : |billustrations, charts. |
| 336 | |atext|btxt|2rdacontent |
| 337 | |acomputer|bc|2rdamedia |
| 338 | |aonline resource|bcr|2rdacarrier |
| 490 | 1 |aDCIEM report ; |vno. 82-R-17 |
| 500 | |aDigitized edition from print [produced by Defence R&D Canada]. |
| 504 | |aIncludes bibliographical references (pages 185-193). |
| 650 | 0|aBubbles|xDynamics|xMathematical models. |
| 650 | 6|aBulles|xDynamique|xModèles mathématiques. |
| 710 | 2 |aDefence and Civil Institute of Environmental Medicine (Canada), |eissuing body. |
| 710 | 1 |aCanada. |bDepartment of National Defence, |eissuing body. |
| 830 | #0|aDCIEM report ;|vno. 82-R-17.|w(CaOODSP)9.941842 |
| 856 | 40|qPDF|s5.95 MB|uhttps://publications.gc.ca/collections/collection_2025/rddc-drdc/DR52-19-26-1982-eng.pdf |